000 01642nam a22002537a 4500
999 _c58561
_d58561
003 Ge_BSU
005 20220603114959.0
008 220603s2021 ge ||||| |||| 00| 0 geo d
020 _a9789941833489
041 _ageo
080 _a141.13 მ-23
100 _aმამარდაშვილი, მერაბ
_913946
245 _aრაციონალურობის კლასიკური და არაკლასიკური იდეალები /
_cმერაბ მამარდაშვილი ; მთარგმნელი დიმიტრი უჩანეიშვილი ; რედაქტორი ბაქარ როსტიაშვილი.
264 _aთბილისი :
_bაქტი ,
_c2021.
300 _a310 გვ. ;
_b21 სმ.
500 _aწიგნში აგრეთვე: ორი სტატია, დაწერილი მერაბ მამარდაშვილის მიერ ე. სოლოვიოვთან და ვ. შვირიოვთან ერთად.
501 _aწიგნი გამოიცა მწერალთა სახლის მხარდაჭერით.
653 _aიდეალიზმი.
653 _aრაციონალიზმი.
700 _aუჩანეიშვილი, დიმიტრი
_eმთარგმნელი
_913895
700 _aროსტიაშვილი, ბაქარ
_eრედაქტორი
_913969
700 _aცაცუა, გიზო
_eგამომცემელი
_913970
942 _2udc
_cBK